[Event "3rd Sharjah Masters 2019"]
[Site "Sharjah"]
[Date "2019.03.22"]
[Round "1.37"]
[White "Vokhidov, Shamsiddin"]
[Black "Niklesh Kumar Jain"]
[Result "1-0"]
[WhiteElo "2494"]
[BlackElo "1995"]
[Annotator "TA"]
[PlyCount "130"]
[EventDate "2019.03.22"]
[EventType "swiss"]
[EventCountry "UAE"]
[SourceTitle "playchess.com"]
[Source "ChessBase"]
[SourceQuality "1"]

{[%evp 10,130,64,63,59,50,52,53,63,35,40,41,46,29,41,0,4,0,10,15,20,4,18,11,17,20,62,62,56,54,55,35,33,8,8,14,10,0,0,0,18,5,5,6,25,25,25,20,50,38,49,42,45,39,56,56,62,59,74,57,63,57,67,49,52,36,71,41,74,77,112,102,116,109,155,140,141,159,156,162,163,164,160,156,110,8,22,29,41,8,8,8,572,568,560,514,492,0,446,445,445,431,431,414,845,631,2244,785,1414,771,1904,1655,29961,29955,29954,6813,29978,29979,29984,29983,29983,29984,29987]} 1. e4 d5 2. exd5 Qxd5 3. Nc3 Qd8 4. d4 Nf6 5. Nf3 Bg4 6. h3 Bxf3 {B01: Scandinavian Defence} 7. Qxf3 c6 8. Be3 e6 {White is slightly better.} 9. a3 (9. O-O-O Bb4 10. Ne4 Nxe4 11. Qxe4 Qd5 12. Qxd5 cxd5 13. c4 dxc4 14. Bxc4 {1-0 (41) Dominguez Perez,L (2739)-Pichot,A (2552) chess.com INT 2018}) 9... Nbd7 10. Bd3 Be7 $146 ({Predecessor:} 10... Nb6 11. O-O Nbd5 12. Nxd5 Qxd5 13. Qd1 Be7 14. c4 {½-½ (63) Arpita,M (2090)-Meenakshi,S (2191) Jaipur 2018}) 11. O-O-O Nd5 12. Bd2 Nxc3 13. Bxc3 Nf6 14. g4 Nd5 15. Be1 Bg5+ 16. Kb1 Qf6 17. Qe4 Qf4 18. c4 Qxe4 19. Bxe4 Nb6 20. b3 O-O-O 21. a4 {[%cal Ba3a4,Ba4a5][%mdl 32]} Bf6 22. a5 Na8 23. Bc3 Nc7 24. Kc2 Rd7 25. Rd3 Rhd8 {[%cal Rf6d4]} 26. Rhd1 $36 {[%mdl 2048] White is pushing.} ({But not} 26. Bxh7 g6 $15) 26... g6 27. f4 Bg7 28. b4 a6 29. Bb2 Bf6 30. Kc3 Bg7 31. Bc1 Bf6 32. Be3 Bg7 33. Bf3 Bf6 34. Bf2 h6 35. h4 Bh8 36. h5 gxh5 37. gxh5 Bf6 38. Kb3 Kb8 39. Be4 Kc8 40. Be3 Rg8 41. f5 Bg5 42. Rg1 Rdd8 43. Bxg5 Rxg5 44. Rxg5 hxg5 $16 {[%mdl 4096] Endgame KRB-KRN} 45. h6 Rh8 46. fxe6 Nxe6 47. Bf5 (47. h7 $16) 47... Kc7 $11 48. d5 Nf4 $1 {[%cal Rf4d3]} 49. d6+ Kd8 50. Rg3 Ne6 $2 {[%mdl 8192] [#]} (50... Rxh6 $11 {and Black stays safe.} 51. Rxg5 Rxd6) 51. Bxe6 $1 $18 fxe6 52. Rxg5 Rxh6 {KR-KR} 53. Rg8+ Kd7 54. c5 Rh3+ 55. Ka4 e5 {and the idea ...Rh7 leaves Black hopeful.} 56. Rb8 e4 (56... Ke6 $142 57. Rxb7 Kd5) 57. Rxb7+ Kd8 58. Re7 (58. Rb6 $142 e3 59. Rxa6) 58... Re3 59. Ra7 Rd3 60. Rxa6 e3 61. Ra8+ Kd7 62. Ra7+ Ke6 63. Re7+ {White mates.} Kd5 64. d7 Kc4 65. Re4+ Kd5 {Accuracy: White = 55%, Black = 42%.} 1-0

[Event "3rd Sharjah Masters 2019"]
[Site "Sharjah"]
[Date "2019.03.22"]
[Round "1.38"]
[White "Gokhale, Anupama"]
[Black "Lorparizangeneh, Shahin"]
[Result "0-1"]
[WhiteElo "1994"]
[BlackElo "2493"]
[Annotator "TA"]
[PlyCount "56"]
[EventDate "2019.03.22"]
[EventType "swiss"]
[EventCountry "UAE"]
[SourceTitle "playchess.com"]
[Source "ChessBase"]
[SourceQuality "1"]

{[%evp 15,56,20,40,-4,4,-21,-16,-22,-8,-41,-12,-65,-60,-62,-56,-62,-49,-63,-55,-55,-54,-125,-68,-226,-254,-271,-256,-249,-209,-264,-247,-316,-314,-318,-295,-600,-464,-532,-353,-437,-422,-952,-931]} 1. d4 Nf6 2. c4 c6 3. Nf3 d5 4. e3 Bf5 5. Nc3 e6 6. Qb3 Qc7 7. Bd2 Nbd7 {D12: Slav Defence: 3 Nf3 Nf6 4 e3 Bf5} 8. Rc1 (8. Nh4 Bg6 9. Nxg6 hxg6 10. h3 Be7 11. Bd3 Nb6 12. cxd5 exd5 13. Rc1 Qd7 14. a4 Nc8 15. f3 O-O 16. O-O Bd8 17. Rc2 Re8 18. Nd1 Nd6 19. g4 Nh7 20. Be1 Ng5 {½-½ (20) Matinian,N (2469)-Khairullin,I (2638) St Petersburg 2014}) 8... Qb8 {LiveBook: 3 Games} 9. a4 $146 ({Predecessor:} 9. Be2 Bd6 10. h3 O-O 11. Nh4 Be4 12. O-O h6 13. cxd5 exd5 14. Nxe4 Nxe4 15. Be1 {0-1 (55) Bauer,P (2295)-Vujic,B (2357) Germany 2006}) 9... a5 {The position is equal.} 10. Be2 h6 11. O-O Bb4 12. c5 e5 13. Nxe5 (13. Nb1 $11) 13... Nxe5 $15 14. dxe5 Nd7 {[%cal Bf6d7,Bd7c5,Bc5e6,Be6d4,Bd4e2][%mdl 32]} 15. f4 Qa7 (15... Bxc5 $6 16. g4 $14) 16. Kh1 O-O (16... Bxc5 17. e6 $11) (16... Qxc5 $2 17. Nb5 $18) 17. Qd1 Nxc5 18. Rf3 (18. Be1 $15) 18... Rad8 (18... Ne4 $17 19. Nxe4 dxe4) 19. Nb1 $2 {[#]} (19. Be1 $15) 19... d4 $1 $19 {[%cal Rd4e3]} 20. Bxb4 axb4 21. exd4 Ne6 ({Inferior is} 21... Qxa4 22. Rxc5 Qxd1+ 23. Bxd1 $11) 22. Qe1 Nxd4 23. Rg3 Nxe2 ({Weaker is} 23... Qxa4 24. Bc4 $19) 24. Qxe2 Qd4 ({Less strong is} 24... Qxa4 25. Nd2 $17) 25. Qh5 $2 (25. Re3) 25... Qxf4 26. Re1 {White hopes to continue with Rf3.} Bg6 27. Qe2 {If only White now had time for Rg4....} Rfe8 28. Rg4 {[#]} (28. Re3 $142 Qd4 29. b3) 28... Rxe5 $1 {[%mdl 512] Precision: White = 17%, Black = 60%.} 0-1

[Event "3rd Sharjah Masters 2019"]
[Site "Sharjah"]
[Date "2019.03.22"]
[Round "1.39"]
[White "Iniyan, P."]
[Black "Parthasarathy R"]
[Result "1-0"]
[WhiteElo "2487"]
[BlackElo "1345"]
[Annotator "RC"]
[PlyCount "59"]
[EventDate "2019.03.22"]
[EventType "swiss"]
[EventCountry "UAE"]
[SourceTitle "playchess.com"]
[Source "ChessBase"]
[SourceQuality "1"]
[TimeControl "5400+30"]

1. d4 {[%emt 0:00:18]} Nf6 {[%emt 0:00:00]} 2. c4 {[%emt 0:00:05]} g6 {[%emt 0:00:16]} 3. f3 {[%emt 0:00:05]} Bg7 {[%emt 0:00:34]} 4. e4 {[%emt 0:00:06]} d6 {[%emt 0:00:30]} 5. Ne2 {[%emt 0:00:07]} O-O {[%emt 0:00:34]} 6. Be3 {[%emt 0:00:04]} c5 {[%emt 0:00:16]} 7. d5 {[%emt 0:00:09]} e6 {[%emt 0:01:13]} 8. Nec3 {[%emt 0:00:07]} a6 {[%emt 0:14:43]} 9. a4 {[%emt 0:00:07]} exd5 {[%emt 0:16:57]} 10. cxd5 {[%emt 0:00:13]} Nh5 {[%emt 0:00:11]} 11. g4 {[%emt 0:02:34]} Nf6 {[%emt 0:07:46]} 12. Nd2 {[%emt 0:01:09]} Nbd7 {[%emt 0:00:59]} 13. h4 {[%emt 0:01:33]} Ne5 {[%emt 0:01:48]} 14. h5 {[%emt 0:11:04]} Nfxg4 {[%emt 0:07:01]} 15. fxg4 {[%emt 0:00:07]} Bxg4 {[%emt 0:00:29]} 16. Qc2 {[%emt 0:03:56]} Bxh5 {[%emt 0:08:09]} 17. Ne2 {[%emt 0:12:32]} b5 {[%emt 0:05:15]} 18. Rxh5 {[%emt 0:10:50]} gxh5 {[%emt 0:00:09]} 19. Ng3 {[%emt 0:00:10]} Ng4 {[%emt 0:02:12]} 20. Bf4 {[%emt 0:00:11]} Qf6 {[%emt 0:11:07]} 21. Nf5 {[%emt 0:00:08]} c4 {[%emt 0:00:29]} 22. Bxd6 {[%emt 0:10:29]} Rfe8 {[%emt 0:02:32]} 23. O-O-O {[%emt 0:01:32]} Rac8 {[%emt 0:05:15]} 24. Bb4 {[%emt 0:00:43]} Qg5 {[%emt 0:07:15]} 25. Nxg7 {[%emt 0:05:33]} Kxg7 {[%emt 0:01:58]} 26. Kb1 {[%emt 0:01:17]} f6 {[%emt 0:00:52]} 27. Qc3 {[%emt 0:01:35]} Qf4 {[%emt 0:01:16]} 28. Bh3 {[%emt 0:00:24]} Rcd8 {[%emt 0:00:37]} 29. Rf1 {[%emt 0:00:37]} Qe3 {[%emt 0:01:46]} 30. Bxg4 {[%emt 0:00:08]} 1-0

[Event "3rd Sharjah Masters 2019"]
[Site "Sharjah"]
[Date "2019.03.22"]
[Round "1.39"]
[White "Iniyan, P."]
[Black "Parthasarathy, R."]
[Result "1-0"]
[WhiteElo "2487"]
[BlackElo "1989"]
[Annotator "TA"]
[PlyCount "59"]
[EventDate "2019.03.22"]
[EventType "swiss"]
[EventCountry "UAE"]
[SourceTitle "playchess.com"]
[Source "ChessBase"]
[SourceQuality "1"]

{[%evp 10,59,43,28,34,33,30,12,8,6,27,19,66,45,59,52,51,0,1,-12,0,0,-5,-60,-39,-106,-94,-152,-155,-214,-63,-120,-8,-39,0,0,0,0,64,66,90,0,165,157,166,164,227,205,279,288,298,276]} 1. d4 Nf6 2. c4 g6 3. f3 Bg7 4. e4 d6 5. Ne2 O-O 6. Be3 c5 {E60: King's Indian: Unusual lines and Fianchetto Variation without Nc3} 7. d5 (7. Qd2 Nc6 8. d5 Ne5 9. Nec3 Nh5 10. Be2 f5 11. Na3 f4 12. Bf2 Bd7 13. Nc2 a6 14. a4 {½-½ (54) Caruana,F (2811)-Bacrot,E (2711) Baden-Baden 2015}) 7... e6 8. Nec3 a6 {The position is equal.} 9. a4 exd5 10. cxd5 Nh5 11. g4 $146 ({Predecessor:} 11. Be2 f5 {0-1 (23) Lupis,F (1983)-Cuevas,A (2262) Villa Martelli 2014}) 11... Nf6 $1 12. Nd2 Nbd7 13. h4 Ne5 {[%cal Rf6g4]} 14. h5 Nfxg4 15. fxg4 Bxg4 {[%mdl 64] Double Attack} 16. Qc2 (16. Be2 $1 $11 Nd3+ 17. Kf1) 16... Bxh5 $15 17. Ne2 ({White should play} 17. Be2 $15 Bxe2 18. Nxe2 (18. Kxe2 Qd7 $11)) 17... b5 $17 18. Rxh5 (18. Ra3 $142) 18... gxh5 19. Ng3 (19. Bf4 $17 {was worth a try.}) 19... Ng4 $2 (19... Qh4 $19 20. Bf2 Ng4) 20. Bf4 {[#]} (20. Nf5 $15) 20... Qf6 (20... f5 $1 $17 21. exf5 Re8+ 22. Nde4 h4) 21. Nf5 $1 $11 c4 22. Bxd6 Rfe8 23. O-O-O $1 Rac8 (23... Nf2 $11) 24. Bb4 $1 $14 {[%cal Rb4c3] And now Bc3 would win.} Qg5 $1 25. Nxg7 ({White should try} 25. Kb1 $16) 25... Kxg7 $2 {[#]} (25... Ne3 $11 {and Black stays safe.} 26. Nxe8 Nxc2 27. Kxc2 Rxe8) 26. Kb1 $1 $18 f6 27. Qc3 {[%mdl 1024] White has strong compensation.} Qf4 {[#]} (27... Qe3 {is a better defense.} 28. Bh3 Qxc3 29. Bxc3 (29. bxc3 bxa4 30. Rg1 f5 $16) 29... Rcd8) 28. Bh3 $1 Rcd8 29. Rf1 Qe3 30. Bxg4 {Accuracy: White = 52%, Black = 34%.} 1-0

[Event "3rd Sharjah Masters 2019"]
[Site "Sharjah"]
[Date "2019.03.22"]
[Round "1.40"]
[White "Ali, Abdulaziz"]
[Black "Nguyen, Anh Khoi"]
[Result "0-1"]
[WhiteElo "1988"]
[BlackElo "2484"]
[Annotator "TA"]
[PlyCount "68"]
[EventDate "2019.03.22"]
[EventType "swiss"]
[EventCountry "UAE"]
[SourceTitle "playchess.com"]
[Source "ChessBase"]
[SourceQuality "1"]

{[%evp 12,68,27,18,18,8,27,-12,-1,0,-4,0,0,-20,-14,-19,-15,-15,-10,-15,-15,-8,-9,-25,-14,-15,-14,-17,-16,-11,-16,-42,-43,-35,-24,-12,-14,-14,-12,-20,-25,-26,-29,-25,0,-7,-6,-10,-17,-18,0,-33,4,-16,-15,-267,-267,-512,-470]} 1. e4 c5 2. Nf3 e6 3. d4 cxd4 4. Nxd4 a6 5. c4 Nf6 6. Nc3 Bb4 7. Qf3 Qc7 {B41: Sicilian: Kan Variation: 5 c4} (7... O-O 8. Bg5 Bxc3+ 9. Qxc3 Nxe4 10. Bxd8 Nxc3 11. Bc7 Ne4 12. f3 Nf6 13. Bd6 Re8 14. O-O-O b6 15. Bc7 {½-½ (28) Aryan,C (2536)-Iturrizaga Bonelli,E (2652) Biel 2018}) 8. Bd2 O-O 9. Bd3 $146 ({Predecessor:} 9. Nc2 Be7 10. Be2 Nc6 11. Qg3 Qxg3 12. hxg3 Rd8 13. O-O-O b6 14. g4 h6 15. g5 hxg5 16. Bxg5 {½-½ (54) Walter,G (2168)-Hottes,D (2044) Gladenbach 2011}) 9... Nc6 {The position is equal.} 10. Nxc6 dxc6 11. O-O Rd8 12. Rad1 e5 {...Bg4 is the strong threat.} 13. h3 Be7 14. Be3 Be6 15. Qe2 b5 16. cxb5 axb5 17. a3 Nd7 18. Rc1 {Strongly threatening Nd5!} Qb7 19. Nb1 Nb6 20. Qc2 Bc4 21. Rfd1 Bxd3 22. Rxd3 Rxd3 23. Qxd3 Nc4 24. Qc3 c5 25. Nd2 Nxe3 26. Qxe3 c4 27. Nb1 Rc8 28. Nc3 Bc5 $36 {[%mdl 2048] Black has the initiative.} 29. Qe2 Bd4 30. Nd5 f5 31. Nc3 Rf8 32. Rc2 fxe4 33. Nxe4 $2 {[%mdl 8192] [#]} (33. Qe1 $11 {and White stays safe.}) 33... Rf4 $19 34. Nd6 $2 (34. Nc3 Rxf2 35. Qxf2) 34... Qc6 {Accuracy: White = 44%, Black = 78%.} 0-1

[Event "3rd Sharjah Masters 2019"]
[Site "Sharjah"]
[Date "2019.03.22"]
[Round "1.41"]
[White "Nigmatov, Ortik"]
[Black "Nejadshirazi Mohammad Reza"]
[Result "1-0"]
[WhiteElo "2478"]
[BlackElo "1977"]
[Annotator "TA"]
[PlyCount "83"]
[EventDate "2019.03.22"]
[EventType "swiss"]
[EventCountry "UAE"]
[SourceTitle "playchess.com"]
[Source "ChessBase"]
[SourceQuality "1"]

{[%evp 16,83,10,1,9,-4,-7,-5,0,-16,-2,-7,50,-26,-19,-27,0,0,-17,-14,74,72,60,29,209,200,232,236,214,201,264,256,259,256,247,248,255,193,228,222,216,207,263,270,276,255,294,321,380,314,345,282,429,375,518,333,506,490,1732,1720,1581,944,1772,3665,3406,2473,5617,5593,5418,5083]} 1. Nf3 Nf6 2. g3 g6 3. Bg2 Bg7 4. O-O O-O 5. d3 d5 6. Nbd2 Nbd7 7. e4 dxe4 8. dxe4 e5 9. b3 b6 {A49: 1 d4 Nf6 2 Nf3 g6 3 g3: Anti-King's Indian systems} 10. Ba3 (10. Re1 Qe7 11. a4 Rd8 12. Ba3 Qe8 13. Qe2 a5 14. Rad1 Bb7 15. Qc4 Rac8 16. Bh3 Bf8 17. Bxf8 Kxf8 {½-½ (41) Aronyak,G (2353)-Harsha,B (2481) New Delhi 2019}) 10... Re8 11. Qe2 a5 $146 {The position is equal.} ({Predecessor:} 11... Bb7 12. Rad1 Bf8 13. Bxf8 Rxf8 14. Ne1 Qe7 15. Nd3 Ba6 16. Nf3 Nc5 17. Nfe1 {½-½ (41) Boscolo,M (1915)-Campanile,R (1935) Asiag 1995}) 12. Rfd1 Ba6 13. Qe3 c5 ({Black should try} 13... Bf8 $11 14. Bxf8 Rxf8) 14. Bf1 ({White should play} 14. Nc4 $14) 14... Bxf1 $11 15. Kxf1 Qc7 16. Bb2 b5 17. Qe2 Qb7 (17... Reb8 $11 {keeps the balance.}) 18. a4 $16 bxa4 19. Nc4 {Strongly threatening Nd6.} Bf8 $2 {[#]} (19... Nxe4 $11 {and Black has nothing to worry.} 20. Rxd7 Qxd7 21. Qxe4 axb3) 20. Rxa4 $18 Nb6 21. Nxb6 ({Don't play} 21. Nxa5 $6 Qa6 $16) ({Inferior is} 21. Bxe5 Nxa4 22. Bxf6 Rxe4 $17) 21... Qxb6 22. Bxe5 Rad8 23. Rxd8 Rxd8 24. Bxf6 Qxf6 25. Rxa5 c4 26. Rd5 {And now Rxd8 would win.} Rxd5 27. exd5 cxb3 28. cxb3 Qc3 29. Qe3 Qc8 30. Kg2 Qf5 31. Qd4 Bd6 32. Nd2 Be5 33. Qe4 Qf6 (33... Qxe4+ $142 34. Nxe4 Kf8) 34. Nc4 Bc7 35. Qe8+ Kg7 36. Qc6 {White is clearly winning.} Qd8 (36... Qxc6 $142 37. dxc6 Kf6) 37. d6 Bb8 38. b4 Ba7 39. b5 (39. d7 $142 Qg5 40. h4) 39... Bd4 40. d7 Qe7 41. Qd5 Bf6 42. Na5 {Accuracy: White = 76%, Black = 25%.} 1-0

[Event "3rd Sharjah Masters 2019"]
[Site "Sharjah"]
[Date "2019.03.22"]
[Round "1.42"]
[White "Anilkumar, O.T."]
[Black "Vignesh N R"]
[Result "*"]
[WhiteElo "1975"]
[BlackElo "2476"]
[Annotator "TA"]
[PlyCount "32"]
[EventDate "2019.03.22"]
[EventType "swiss"]
[EventCountry "UAE"]
[SourceTitle "playchess.com"]
[Source "ChessBase"]
[SourceQuality "1"]

{[%evp 9,11,24,46,13]} 1. e4 c5 2. c3 Nf6 3. e5 Nd5 4. d4 e6 5. Nf3 d6 6. Be2 {B22: Sicilian: 2 c3} (6. dxc5 dxe5 7. Nxe5 Bxc5 8. Bd3 Qc7 9. Nf3 O-O 10. O-O Nf4 11. Be4 Nd7 12. Qd2 e5 13. Qc2 Ng6 14. Bg5 {1-0 (31) Karpov,A (2238)-Trubizin,I (2111) Donskoj 2018}) {Predecessor:} 6... cxd4 $146 7. cxd4 Nc6 8. O-O Be7 9. Nbd2 Nf4 10. Bb5 d5 11. Qa4 Bd7 12. Nb3 a6 13. Bxf4 axb5 14. Qxb5 Nxd4 15. Qd3 Nxf3+ 16. Qxf3 Bb5 {½-½ (37) Howell,M (1494)-London,N Bournemouth 2016} *

[Event "3rd Sharjah Masters 2019"]
[Site "Sharjah"]
[Date "2019.03.22"]
[Round "1.43"]
[White "Darini, Pouria"]
[Black "Mota, Pankit"]
[Result "1/2-1/2"]
[WhiteElo "2474"]
[BlackElo "1974"]
[Annotator "TA"]
[PlyCount "117"]
[EventDate "2019.03.22"]
[EventType "swiss"]
[EventCountry "UAE"]
[SourceTitle "playchess.com"]
[Source "ChessBase"]
[SourceQuality "1"]

{[%evp 10,117,14,15,35,16,15,9,35,5,1,4,13,13,12,-13,31,0,-1,-30,-30,-30,-22,-27,-28,-24,-29,-16,-22,-25,-17,-51,-63,-80,-36,-47,-46,-55,-41,-64,-58,-58,-54,-118,1,1,1,0,0,-10,-22,-10,-17,-75,-74,-91,-110,-102,-92,-60,66,66,62,58,135,28,28,22,25,-83,-106,-290,-290,-280,-287,-277,-264,-256,-164,-229,0,-238,0,-206,-20,-19,-20,-21,-20,-16,-8,-29,0,0,0,0,0,-74,-74,-79,0,0,0,0,0,0,0,0,0,0]} 1. d4 d5 2. Bf4 Nf6 3. e3 c5 4. Nf3 Nc6 5. Nbd2 (5. c3 Qb6 6. Qc2 g6 7. Nbd2 Bg7 8. h3 O-O 9. Be2 Nd7 10. O-O e5 11. dxe5 Ndxe5 12. Nxe5 Nxe5 13. e4 dxe4 14. Nxe4 {½-½ (23) Laznicka,V (2668)-Nisipeanu,L (2674) Germany 2019}) 5... Bg4 6. c3 {LiveBook: 77 Games. D02: 1 d4 d5 2 Nf3 sidelines, including 2...Nf6 3 g3 and 2...Nf6 3 Bf4} Nh5 7. Bg5 $146 ({Predecessor:} 7. Bg3 Nxg3 8. hxg3 Qd6 9. Be2 g6 10. Ne5 Bxe2 11. Qxe2 Bg7 12. Ndf3 O-O 13. dxc5 Qc7 14. Nxc6 Qxc6 {½-½ (56) Rauch,S (1779)-Tabatt,H (2318) Germany 2017}) 7... h6 8. Bh4 g5 9. Bg3 (9. h3 $5 {[%cal Rh3g4]} Bf5 10. g4 $11) 9... Nxg3 10. hxg3 cxd4 11. exd4 Bg7 12. Bd3 Kf8 13. Qc2 Rc8 14. Bf5 (14. Qb3 {seems wilder.} h5 15. Qxb7 Rh6 16. Qb5 Rb8 17. Qc5) 14... Bxf3 15. Bxc8 ({Much weaker is} 15. gxf3 Nxd4 $1 {[%mdl 512]} 16. Qd3 Nxf5 $17) 15... Bxg2 16. Rg1 {Strongly threatening Qf5.} Qxc8 17. Rxg2 Nxd4 {[%mdl 64] Pin} 18. Qd3 Qh3 19. Rg1 Qe6+ 20. Kd1 Nc6 {[%cal Bd4c6,Bc6e5,Be5g6,Bg6f4][%mdl 32]} 21. Re1 Ne5 22. Qb5 Bf6 23. Re2 Qc6 24. a4 Kg7 25. f4 Ng6 26. Kc2 (26. Qxc6 $15 bxc6 27. Rf2) 26... Qxb5 (26... gxf4 $17 27. gxf4 Nxf4 28. Rg1+ Kh7) 27. axb5 $11 {next fxg5 is good for White.} gxf4 28. gxf4 Nxf4 29. Rf2 e5 {White should prevent ...Bd8.} 30. Rxa7 Rb8 $1 31. Nf3 (31. Rh2 $11) 31... e4 32. Nh4 Bxh4 33. Rxf4 $17 {[%mdl 4096] Endgame [#] KRR-KRB} Bg5 $1 {[%cal Rg5f4]} 34. Rf5 e3 ({Black should play} 34... Kg6 $1 $15 35. Rxd5 f5) 35. Kd3 $14 ({But not} 35. Rxd5 Re8 $15) 35... Kg6 36. Rxd5 f5 (36... h5 $1 $14) 37. Ke2 ({White should try} 37. Ra1 $16) 37... f4 $11 38. Rd6+ Kh5 39. Kf3 (39. Rd1 $11) 39... Re8 $17 {[%mdl 1024] aiming for ...e2. Black has strong compensation.} 40. Ra1 $2 (40. Rd1 $17 {was forced.} e2 41. Rh1+ Bh4 42. Rxb7) 40... e2 $19 41. Rh1+ Bh4 42. Rd5+ Kg6 43. Rd6+ Kf7 44. Rd7+ (44. Rxh6 $142 e1=Q 45. Rxe1 Bxe1 46. Rh7+ Kf6 47. Kxf4) 44... Kg6 {Threatens to win with ...Re3+.} 45. Rd6+ $1 Kf7 46. Rd7+ {[#]} Kf8 $2 (46... Kf6 $1 $19 47. Rxb7 e1=Q 48. Rxe1 Rxe1 49. Kxf4 Bg5+ 50. Kf3 Re3+ 51. Kf2 Rd3) 47. Rxb7 $11 e1=Q 48. Rxe1 Rxe1 49. Kxf4 {KRB-KR} Re2 50. c4 {[%cal Bc3c4,Bc4c5,Bc5c6][%mdl 32]} Rxb2 51. c5 Ke8 52. c6 Kd8 53. Ke5 (53. b6 $11 {remains equal.} Rb4+ 54. Kf5 Rb5+ 55. Ke4 Rb4+ 56. Kf5 Rb5+ 57. Kg4 Rb4+ 58. Kf5) 53... Kc8 $17 54. b6 Bf2 (54... Bd8 $17 55. Rh7 Rb5+ 56. Kd6 Bxb6 57. Rh8+ Bd8) 55. Rc7+ $11 {The position is equal.} Kb8 {...Bg3+ is the strong threat.} 56. Rb7+ Kc8 57. Rc7+ Kb8 {White must now prevent ...Bg3+.} 58. Rb7+ Kc8 59. Rc7+ {Accuracy: White = 44%, Black = 46%.} 1/2-1/2

[Event "3rd Sharjah Masters 2019"]
[Site "Sharjah"]
[Date "2019.03.22"]
[Round "1.44"]
[White "Pedarse, Marlon"]
[Black "El Adnani, Mokliss"]
[Result "0-1"]
[WhiteElo "1959"]
[BlackElo "2455"]
[Annotator "TA"]
[PlyCount "60"]
[EventDate "2019.03.22"]
[EventType "swiss"]
[EventCountry "UAE"]
[SourceTitle "playchess.com"]
[Source "ChessBase"]
[SourceQuality "1"]

{[%evp 11,60,19,41,-1,0,-6,-3,-7,29,19,14,0,0,0,0,-6,0,0,0,-120,-137,-129,-152,-135,-131,-237,-131,-213,-222,-236,-171,-340,-309,-419,-424,-478,-485,-483,-432,-417,-318,-317,-322,-322,-308,-304,-312,-496,-492,-932,-925]} 1. e4 c5 2. Nf3 e6 3. d4 cxd4 4. Nxd4 Nf6 5. Nc3 Nc6 6. Ndb5 d6 7. Be3 {B45: Sicilian Four Knights} (7. Bf4 e5 8. Bg5 a6 9. Na3 b5 10. Nd5 Be7 11. Bxf6 Bxf6 12. c4 bxc4 13. Bxc4 Bg5 14. h4 Bh6 15. g4 g6 16. g5 Bg7 17. h5 O-O 18. hxg6 hxg6 19. Qd2 Bg4 20. Nc2 Rc8 21. Bxa6 {½-½ (40) Navara,D (2720)-Grischuk,A (2788) Tbilisi 2017}) 7... a6 8. Nd4 Bd7 9. Be2 {The position is equal.} Nxd4 $146 ({Predecessor:} 9... Be7 10. O-O O-O 11. f4 b5 12. a3 Qb8 13. g4 Nxd4 14. Qxd4 e5 {1-0 (33) Arribas Lopez,A (2559)-Vega Gutierrez,S (2381) Linares 2015}) 10. Qxd4 Bc6 11. f3 Be7 12. O-O-O O-O 13. g4 b5 {[%cal Bb7b5,Bb5b4][%mdl 32]} 14. g5 Nd7 15. Rhg1 (15. a3 $1 $11) 15... b4 $17 16. Nb1 d5 17. exd5 Bxd5 18. Qh4 (18. c4 $17 Bc6 19. b3) 18... Qc7 (18... Qa5 $1 $19 {aiming for ...Rac8.} 19. Bd3 g6) 19. Rg3 (19. Nd2 $17 {keeps fighting.}) 19... Rfc8 $19 {[%csl Gc8][%cal Rc7c2]} ({Don't do} 19... Bxa2 20. Rh3 $17) 20. Rd2 g6 21. Bd4 $2 {[#]} (21. f4 {might work better.} Be4 22. Bd4) 21... e5 $1 {[%cal Re5d4]} ({Worse is} 21... Bxa2 {[#]} 22. Qxh7+ $1 {[%mdl 512]} Kxh7 23. Rh3+ Kg8 24. Rh8#) 22. Rh3 h5 23. Bf2 Be6 24. f4 Bxh3 25. Qxh3 Nf8 26. f5 Bxg5 {[%csl Gc8][%cal Rc7c2]} 27. Be3 Bxe3 28. Qxe3 Qc5 29. Qg5 (29. Qf3 $142) 29... e4 30. Qg3 (30. Bxh5 $142 Ne6 {[%mdl 64] Pin} 31. Qg4) 30... e3 {Accuracy: White = 30%, Black = 73%.} 0-1

[Event "3rd Sharjah Masters 2019"]
[Site "Sharjah"]
[Date "2019.03.22"]
[Round "1.45"]
[White "Sadhwani, Raunak"]
[Black "Ahmed, Fareed"]
[Result "1-0"]
[WhiteElo "2455"]
[BlackElo "1950"]
[Annotator "TA"]
[PlyCount "61"]
[EventDate "2019.03.22"]
[EventType "swiss"]
[EventCountry "UAE"]
[SourceTitle "playchess.com"]
[Source "ChessBase"]
[SourceQuality "1"]

{[%evp 9,61,5,8,0,3,-30,13,-6,45,42,49,45,50,35,44,25,25,25,72,84,116,117,116,122,129,130,162,122,128,115,183,179,201,211,212,198,203,191,201,204,225,239,243,234,259,240,302,306,388,386,456,451,449,447]} 1. d4 Nf6 2. Nc3 e6 3. Bf4 (3. e4 d5 4. e5 Nfd7 5. Nf3 c5 6. Nb5 Nc6 7. c3 a6 8. Nd6+ Bxd6 9. exd6 cxd4 10. cxd4 Qb6 11. Bd3 Qb4+ 12. Bd2 Qxd6 13. O-O O-O {0-1 (32) Jobava,B (2713)-Morozevich,A (2731) Dubai 2014}) 3... Bb4 4. Qd3 d5 5. a3 Bd6 $146 ({Predecessor:} 5... Ba5 6. Nf3 Ne4 7. b4 Nxc3 8. Qxc3 Bb6 9. a4 a5 10. b5 Nd7 11. e3 {1-0 (28) Jossien,R (2291)-Delboe,C (1884) La Fere 2008}) 6. Bg3 {A45: Trompowsky Attack} O-O 7. O-O-O c5 8. dxc5 {The position is equal.} Bxc5 (8... Be7 $11) 9. e4 $14 Nc6 10. Nf3 {[%cal Re4d5]} Qa5 11. exd5 (11. Nd2 {looks sharper.} Be7 12. exd5 Nxd5 13. Nxd5 Qxd5 14. Kb1) 11... exd5 12. Qb5 $36 {[%mdl 2048] White is more active.} Qxb5 13. Bxb5 Ne4 14. Rxd5 Nxg3 15. fxg3 Be3+ 16. Kb1 Be6 17. Rd3 Bh6 18. Bxc6 bxc6 19. Nd4 Bc4 (19... Bd7 $16 {was called for.} 20. Rhd1 Rfe8) 20. Rdd1 $18 ({Inferior is} 20. Nxc6 Bxd3 21. cxd3 Rfe8 $11) 20... c5 21. Nf5 Bg5 22. Ne4 h6 23. Nxc5 Rac8 24. Ne4 Rc7 25. Nxg5 hxg5 26. Rhe1 g6 27. Nd6 Ba6 28. Ne4 f6 29. Rd6 {[%mdl 64] [#] Double Attack} Bc4 30. Nxf6+ Kh8 31. b3 {Accuracy: White = 77%, Black = 30%.} 1-0